baby todder's big books everything : english - arabic / (Record no. 100536)
[ view plain ]
| 000 -LEADER | |
|---|---|
| fixed length control field | 00573nam a22001817a 4500 |
| 005 - DATE AND TIME OF LATEST TRANSACTION | |
| control field | 20251108173306.0 |
| 008 - FIXED-LENGTH DATA ELEMENTS--GENERAL INFORMATION | |
| fixed length control field | 250721s2001 xx 000 0 eng d |
| 020 ## - INTERNATIONAL STANDARD BOOK NUMBER | |
| International Standard Book Number | 9953102066 |
| 082 14 - DEWEY DECIMAL CLASSIFICATION NUMBER | |
| Classification number | J/R/423.1/BAB |
| 245 10 - TITLE STATEMENT | |
| Title | baby todder's big books everything : english - arabic / |
| 246 11 - VARYING FORM OF TITLE | |
| Title proper/short title | سلسلة القواميس المصورة قاموس كل شيء للصغار |
| 264 1# - PRODUCTION, PUBLICATION, DISTRIBUTION, MANUFACTURE, AND COPYRIGHT NOTICE | |
| Place of production, publication, distribution, manufacture | بيروت : |
| Name of producer, publisher, distributor, manufacturer | مكتبة لبنان, |
| Date of production, publication, distribution, manufacture, or copyright notice | 2001. |
| 300 ## - PHYSICAL DESCRIPTION | |
| Extent | 61p |
| 650 17 - SUBJECT ADDED ENTRY--TOPICAL TERM | |
| Topical term or geographic name as entry element | DICTIONARIES |
| 653 ## - INDEX TERM--UNCONTROLLED | |
| Uncontrolled term | ناشئون صغار (10-14) سنة |
| 942 ## - ADDED ENTRY ELEMENTS (KOHA) | |
| Source of classification or shelving scheme | Dewey Decimal Classification |
| Koha item type | Books |
| حالة السحب | حالة الفقدان | مصدر التصنيف | حالة التلف | غير قابل للإعارة | المكتبة الرئيسية | المكتبة الحالية | موقع الرف | تاريخ التزويد | الرقم المتسلسل | Total Checkouts | رقم الإستدعاء | الباركود | تاريخ آخر ظهور | تاريخ الفاتورة | نوع المادة (كوها) |
|---|---|---|---|---|---|---|---|---|---|---|---|---|---|---|---|
| Dewey Decimal Classification | Not For Loan | مكتبة أبو علندا العامة | مكتبة أبو علندا العامة | الأطفال | 28/07/2025 | 868377 | J/R/423.1/BAB | 868377 | 28/07/2025 | 28/07/2025 | Books | ||||
| Dewey Decimal Classification | Not For Loan | مكتبة الأميرة ايمان العامة | مكتبة الأميرة ايمان العامة | الأطفال | 28/07/2025 | 868372 | J/R/423.1/BAB | 868372 | 28/07/2025 | 28/07/2025 | Books | ||||
| Dewey Decimal Classification | Not For Loan | مكتبة الاميرة بديعة | مكتبة الاميرة بديعة | الأطفال | 28/07/2025 | 868375 | J/R/423.1/BAB | 868375 | 28/07/2025 | 28/07/2025 | Books | ||||
| Dewey Decimal Classification | Not For Loan | مكتبة الجويدة | مكتبة الجويدة | الأطفال | 28/07/2025 | 868376 | J/R/423.1/BAB | 868376 | 28/07/2025 | 28/07/2025 | Books | ||||
| Dewey Decimal Classification | Not For Loan | مكتبة صويلح العامة | مكتبة صويلح العامة | الأطفال | 28/07/2025 | 868373 | J/R/423.1/BAB | 868373 | 28/07/2025 | 28/07/2025 | Books | ||||
| Dewey Decimal Classification | Not For Loan | مكتبة وادي السير العامة | مكتبة وادي السير العامة | الأطفال | 28/07/2025 | 868378 | J/R/423.1/BAB | 868378 | 28/07/2025 | 28/07/2025 | Books |